| 000 | 00449nam a22001817a 4500 | ||
|---|---|---|---|
| 003 | CEME | ||
| 005 | 20210628203518.0 | ||
| 008 | 210126b xxu||||| |||| 00| 0 eng d | ||
| 020 | _a81-7992-049-6 | ||
| 040 | _c. | ||
| 082 | _a621.69 PUM | ||
| 100 |
_aJaico _93320 |
||
| 245 | _aPumps;principles and practice | ||
| 260 |
_aDELHI _bJAICO PUBLISHING _c2003 |
||
| 300 | _a196P | ||
| 650 |
_aPUMPS PRINCIPLES AND PRACTICE _965933 |
||
| 942 |
_cBK _2ddc |
||
| 999 |
_c574003 _d574003 |
||